| 000 | 01429nam0a2200373 4500 | ||
|---|---|---|---|
| 001 | RU\NLR\BIBL_A\022574679 | ||
| 005 | 20250708161558.0 | ||
| 010 |
_a978-5-00132-337-2 _93000 |
||
| 021 |
_aRU _bКН-П-25-026255 _9КН-П-25-2617 |
||
| 035 | _a(NLR Aleph) 022574679 | ||
| 090 |
_a13451025 _c13451025 |
||
| 100 | _a20250626d2025 u y0rusy50 ca | ||
| 101 | 1 |
_arus _cger |
|
| 102 | _aRU | ||
| 105 | _aa z 000ay | ||
| 181 | 0 |
_ai _baxxe |
|
| 181 | 0 |
_ab2 _bbb2e |
|
| 182 | 0 | _an | |
| 200 | 1 |
_aСахарный домик _e[для младшего школьного возраста] _fбратья Гримм _gперевод П. Полевого _gхудожник: Александр Лебедев |
|
| 203 |
_aТекст _bвизуальный _cнепосредственный |
||
| 210 |
_aМосква _cВАКОША _d2025 |
||
| 215 |
_a15, [1] с. _cцв. ил. _d24 |
||
| 225 | 1 | _aСказка за сказкой | |
| 333 | _a6+ | ||
| 686 | 0 | _aШ9(4Г)60-4 | |
| 700 | 1 |
_aГримм _bВ. К. _f1786-1859 _gВильгельм Карл |
|
| 701 | 1 |
_aГримм _bЯ. _f1785-1863 _gЯкоб |
|
| 702 | 1 |
_4040 _7ca _8rus _aЛебедев _bА. А. _cхудожник _f1976- _gАлексей Андреевич _9222417 _3RU\NLR\AUTH\770222473 |
|
| 942 | _cBOOK | ||
| 980 | _aNB | ||
| 980 | _aNB | ||